El sol albañil : (Registro nro. 32759)
[ vista simple ]
| 000 -CABECERA | |
|---|---|
| campo fijo de control de longitud | 00861nam a22002531a 4500 |
| 001 - NÚMERO DE CONTROL | |
| campo de control | 32759 |
| 003 - IDENTIFICADOR DEL NÚMERO DE CONTROL | |
| campo de control | AR-RoBPED |
| 005 - FECHA Y HORADE LA ULTIMA TRANSACCION | |
| campo de control | 20260514094928.0 |
| 007 - | |
| campo fijo de control de longitud | ta |
| 008 - ELEMENTOS DE LONGITUD FIJA--INFORMACION GENERAL | |
| campo fijo de control de longitud | 260513s1978 ag a|||br|||||||1 m|spa |
| 040 ## - FUENTE CATALOGADORA | |
| Centro catalogador/agencia de origen | AR-BaBN |
| Convenciones de descripción | aacr |
| Agencia que realiza la modificación | AR-RoBPED |
| 041 ## - IDIOMA | |
| Código de idioma para texto/pista de sonido o título independiente | spa |
| 100 1# - ENCABEZAMIENTO PRINCIPAL--AUTOR PERSONAL | |
| Nombre de persona | Camilli, Ernesto |
| Función | autor |
| Relator code | aut |
| 9 (RLIN) | 1610 |
| 245 13 - TITULO | |
| Título | El sol albañil : |
| Subtítulo | libro de lectura para tercer grado / |
| Mención de responsabilidad | Ernesto Camilli ; ilustraciones de Raúl Fortín y Héctor Atanasiú. |
| 260 ## - PUBLICACION | |
| Lugar | Buenos Aires : |
| Editor | Estrada, |
| Fecha | 1978. |
| 300 ## - DESCRIPCION FISICA | |
| Extensión | 118 p. : |
| Otros detalles físicos | il. |
| 650 #4 - TERMINO DE MATERIA--CONTROLADO | |
| Término controlado | ARCHIVO INFANTIL |
| 9 (RLIN) | 24464 |
| Término controlado | LIBROS DE TEXTO |
| 9 (RLIN) | 1459 |
| Término controlado | TERCER GRADO |
| 9 (RLIN) | 1463 |
| 700 1# - ENCABEZAMIENTO SECUNDARIO--AUTOR PERSONAL | |
| Nombre de persona | Fortín, Raúl |
| 9 (RLIN) | 20222 |
| Función | ilustrador |
| Nombre de persona | Atanasiu, Héctor |
| 9 (RLIN) | 30854 |
| Función | ilustrador |
| 942 ## - ELEMENTOS KOHA | |
| Fuente de clasificación | Universal Decimal Classification |
| Número Koha | K. 32759 |
| Koha tipo de ítem | Libro |
| Clasificación | 372.4 |
| Pre signatura | IA |
| Signatura librística | C 22 |
| N° inventario | Inv. 42445 |
| 945 ## - PROCESAMIENTO DE LA INFORMACIÓN LOCAL | |
| Catalogador y fecha | nn 13/05/2026 - cd 14/05/2026 |
| Estado retirado | Estado perdido | Fuente de clasificación | Estado dañado | No se presta | Biblioteca propietaria | Biblioteca de reserva | Fecha de adquisición | Procedencia | Total de préstamos | Signatura topográfica completa | Código de barras (nº de inventario) | Fecha visto por última vez | Catalogador y fecha | Tipo de ítem Koha | Nota pública |
|---|---|---|---|---|---|---|---|---|---|---|---|---|---|---|---|
| Universal Decimal Classification | No se presta | Biblioteca Pedagógica Eudoro Díaz | Biblioteca Pedagógica Eudoro Díaz | 12/05/2026 | donación | IA 372.4 C 22 | 42445 | 13/05/2026 | nn 13/05/2026 | Libro | No se presta |